| 000 | 01426aam a2200301 i 4500 | ||
|---|---|---|---|
| 001 | 368 | ||
| 003 | CO-MdBIC | ||
| 005 | 20210911105043.0 | ||
| 008 | 210911t1996 us ||||| |||| 00| 0 eng d | ||
| 020 | _a90-04-09696-5 | ||
| 040 |
_bspa. _aCO-MdFUSB _cCO-MdFUSB _dCO-MdFUSBC _erda |
||
| 041 | 0 | _aeng | |
| 082 | 0 | 4 | _aR 492 K773h |
| 100 | 1 | _aKoehler, Ludwig (1880-1956) | |
| 245 | 1 | 0 |
_aThe hebrew and aramaic lexicon of the Old Testament / Ludwig Koehler, Walter Baumgartner _c/ |
| 260 | _aLeiden, The Netherlands : E.J. Brill | ||
| 264 | 1 |
_aLeiden, The Netherlands : _bE. J. Brill, _c[1996] |
|
| 264 | 4 | _c© 1996 | |
| 300 | _c; | ||
| 336 |
_2rdacontent _atexto _btxt |
||
| 337 |
_2rdamedia _asin mediación _bn |
||
| 338 |
_2rdacarrier _avolumen _bnc |
||
| 505 | _av. 1. [Alef]--[ḥet] / translated and edited under the supervision of M.E.J. Richardson ; in collaboration with G.J. Jongeling-Vos, L.J. de Regt -- v. 2. [ṭet]--[ʻayin] / translated and edited under the supervision of M.E.J. Richardson -- v. 3. [Pe]--[Sin] / translated and edited under the supervision of M.E.J. Richardson -- v. 4. [Shin]--[Tau] / translated and edited under the supervision of M.E.J. Richardson -- v. 5. Aramaic. Supplementary bibliography / translated and edited under the supervision of M.E.J. Richardson. | ||
| 653 | _aThe hebrew and aramaic | ||
| 653 | _aLexicon of the old testament | ||
| 942 | _cBK | ||
| 945 | _aEstudiante | ||
| 999 |
_c31904 _d31904 |
||